| 000 | 00000nam 2200000za 4500 |
| 001 | 9.843468 |
| 003 | CaOODSP |
| 005 | 20221107152529 |
| 007 | cr ||||||||||| |
| 008 | 170913s2017 onc o f000 0 eng d |
| 040 | |aCaOODSP|beng |
| 043 | |an-cn--- |
| 086 | 1 |aD97-2/17-2017E-PDF |
| 245 | 00|aQuantum computing security issues for public key cryptography |h[electronic resource]. |
| 260 | |a[Ottawa] : |bCommunications Security Establishment, |c2017. |
| 300 | |a[2] p. |
| 490 | 1 |aExecutive series ; |vITSE.00.017 |
| 500 | |aIssued also in French under title: Enjeux de sécurité de l’informatique quantique pour la cryptographie à clé publique. |
| 500 | |aCaption title. |
| 500 | |a"Unclassified." |
| 500 | |a"May 2017." |
| 500 | |aIssued also in HTML format. |
| 692 | 07|2gccst|aFederal government |
| 692 | 07|2gccst|aComputer security |
| 692 | 07|2gccst|aCryptography |
| 710 | 2 |aCommunications Security Establishment (Canada) |
| 775 | 08|tEnjeux de sécurité de l’informatique quantique pour la cryptographie à clé publique |w(CaOODSP)9.843469 |
| 830 | #0|aExecutive series (Communications Security Establishment (Canada))|vITSE.00.017.|w(CaOODSP)9.842836 |
| 856 | 40|qPDF|s1.01 MB|uhttps://publications.gc.ca/collections/collection_2017/cstc-csec/D97-2-17-2017-eng.pdf |